000 00937 a2200241 4500
001 57165
005 20260407155834.0
008 260407a2012 arg spa d
003 AR-UNSa-BCEJYS
040 _aAR-UNSa-BCEJYS
_bspa
_cAR-UNSa-BCEJYS
080 _a378
_xEnseñanza superior. Universidades. Escuelas especiales
245 1 0 _aHomo academicus
020 _a978-987-629-028-9
264 1 _aMéxico :
_bSiglo Veintiuno editores
_c2012
300 _a314 p.
_c23 cm.
505 _a1. ¿Un “libro para quemar”? – 2. El conflicto de las facultades – 3. Especies de capital y formas de poder – 4. Defensa del cuerpo y ruptura de los equilibrios – 5. El momento crítico
041 _aspa
942 _cBK
590 _aniveau_biblio:m niveau_hierar:0
100 1 _aBourdieu, Pierre
700 1 _aDilon, Ariel
856 4 1 _uhttps://biblioeco.unsa.edu.ar/pmb/images/libros/L128735.jpg
_yImagen de portada
_qimage/jpeg
999 _c6157
_d6157